| 000 | 00346nam a22001577a 4500 | ||
|---|---|---|---|
| 003 | SGT | ||
| 020 | _a978-93-903-9458-6 | ||
| 082 |
_a658.4032 _bEVA |
||
| 100 | _aEVANS, JAMES R. | ||
| 245 | _aBUSINESS ANALYTICS | ||
| 250 | _a3RD | ||
| 260 |
_aINDIA _bPEARSON PUB. _c2024 |
||
| 300 | _a704 | ||
| 650 | _aBUSINESS ANALYTICS | ||
| 942 |
_2ddc _cBK |
||
| 999 |
_c29524 _d29524 |
||